| 000 | 00604nam a2200193 i 4500 | ||
|---|---|---|---|
| 001 | 30221 | ||
| 003 | ES-MaACL | ||
| 005 | 20230906154146.0 | ||
| 007 | t| | ||
| 008 | 030124s1970 sp ||||1| spa d | ||
| 100 | 1 |
_aBass, J. _926299 |
|
| 245 | 1 | 0 |
_aElementos de Cálculo de Probabilidades / _cpor J. Bass ; versión ... Francisco de Asís Sales Valles. |
| 250 | _a[1ª ed.]. | ||
| 260 |
_aBarcelona : _bToray Masson, _c[1970] |
||
| 300 |
_aVIII, 246 p. : _bil. ; _c26 cm. |
||
| 650 | 4 |
_aProbabilidades. _916411 |
|
| 700 | 1 |
_aSales Vallés, Francisco. _9101886 |
|
| 852 |
_aES-MaACL _jC-37332 _bR.75501 |
||
| 999 |
_c30221 _d30221 |
||